000 00545nam a2200217Ia 4500
003 OSt
005 20220923230837.0
006 a|||||r|||| 00| 0
007 ta
008 Pun
024 _a306,020
037 _cTextual
040 _aARTS
_cARTS
_bPun
041 _2Pun
_aPun
082 _aQ8441vN3, 153K8.2
100 _aਕਰਤਾਰ ਸਿੰਘ
245 0 _aਸਿੱਖ ਇਤਿਹਾਸ
260 _c1968
942 _hQ8441vN3, 153K8.2
_cTEXL
_2CC
999 _c387807
_d387807